MK-(CD)T1-MACROMEDIA FLASH 8

Salvato in:
Dettagli Bibliografici
Autore principale: Nguyễn trường sinh
Natura: Libro
Lingua:Vietnamese
Pubblicazione: TKE 2006
Tags: Aggiungi Tag
Nessun Tag, puoi essere il primo ad aggiungerne! !
Thư viện lưu trữ: Mạng thư viện Đại học Đà Nẵng
LEADER 00615nam a2200277 4500
001 000025849
003 14
005 20150204120000.0
008 150204s vm 000 vie
020 |c 89000,0000 
040 |a D3 
100 |a Nguyễn trường sinh 
245 |a MK-(CD)T1-MACROMEDIA FLASH 8 
260 |b TKE  |c 2006 
300 |a 444tr. ; 
OWN |a LTT 
999 |a From the UDN01 
TYP |a Monograph 
TYP |a Printed language 
980 |a Mạng thư viện Đại học Đà Nẵng